Normal view
MARC view
Entry Personal Name
001 - CONTROL NUMBER
- control field: 46052
003 - CONTROL NUMBER IDENTIFIER
- control field: OSt
005 - DATE AND TIME OF LATEST TRANSACTION
- control field: 20240612145847.0
008 - FIXED-LENGTH DATA ELEMENTS
- fixed length control field: 240612|| aca||aabn | a|a d
040 ## - CATALOGING SOURCE
- Original cataloging agency: OSt
- Transcribing agency: OSt
100 ## - HEADING--PERSONAL NAME
- Personal name: Mital, Raman
670 ## - SOURCE DATA FOUND
- Source citation: Work cat.: (OSt)524423: Mital, Raman , Using other proprietor’s trade mark: An analysis of the principle of fair use in trade mark law in India
